000 00480nam a2200157 i 4500
001 36422
003 ES-MaACL
005 20230906155351.0
007 t|
008 030218s1882 fr ||||1| fre d
100 1 _aBuisson, Ferdinand.
_932468
245 1 0 _aDictionnaire de pedagogie et d'instruction primaire /
_cpublié sons la direction de F. Buisson.
260 _aParis :
_b[s.n.,
_c1882] (
_eCorbeil :
_fCrété)
300 _a3 v. ;
_c25 cm.
852 _aES-MaACL
_jB-1972-74
999 _c36422
_d36422